[Event "British Universities-ch"]
[Site "Chess.com INT"]
[Date "2022.03.05"]
[Round "4.2"]
[White "Batura, Ansh"]
[Black "Varga, Andrea Alexandra"]
[Result "1-0"]
[WhiteElo "1525"]
[BlackElo "1268"]
[PlyCount "53"]
[EventDate "2022.03.05"]
[EventType "swiss"]
[EventRounds "9"]
[EventCountry "ENG"]
[SourceTitle "EXT 2023"]
[Source "ChessBase"]
[SourceDate "2022.10.05"]
[SourceVersion "1"]
[SourceVersionDate "2022.10.05"]
[SourceQuality "1"]
[WhiteTeam "Warwick (Bishops) VIII"]
[BlackTeam "Kent II"]
[WhiteTeamCountry "ENG"]
[BlackTeamCountry "ENG"]

1. d4 e5 2. dxe5 Nc6 3. Nf3 d6 4. exd6 Bxd6 5. Nc3 Be6 6. e4 Qe7 7. Bb5 0-0-0 8. Bxc6 bxc6 9. Qe2 Nf6 10. Qa6+ Kd7 11. 0-0 Bg4 12. e5 Bxe5 13. Nxe5+ Qxe5 14. Be3 Nd5 15. Nxd5 cxd5 16. Qa4+ Ke7 17. Qxg4 h5 18. Qb4+ Ke8 19. Rfe1 Qf5 20. Bg5+ Kd7 21. Bxd8 Rxd8 22. Re7+ Kc8 23. Qc5 Rd7 24. Rae1 Qf4 25. Rxd7 Kxd7 26. Qxd5+ Kc8 27. Re8# 1-0